000 00427nam a2200181Ia 4500
001 7289
005 20260306160444.0
008 260306t2015||||xx |||||||||||||| ||spa||
041 _aESP
082 _a338.5
_bG14
100 _aGalarza, Elsa
_eAUT
245 0 _aEjercicios de microeconomĂ­a intermedia
260 _c2015
300 _a343 páginas :
_c22 cm.
650 _aGEN
654 _aCAN
942 _cLIB
_dJUS
_fJUS
_2ddc
_n
999 _c7289
_d7289